| 000 | 02325agaaa2200337 4500 | ||
|---|---|---|---|
| 001 | 0722 | ||
| 003 | IT-RoPAU | ||
| 005 | 20220918181234.0 | ||
| 007 | d cvaizq | ||
| 008 | 50131s9999||||xx ||| | || ||und|| | ||
| 040 |
_aIT-RoPAU _cIT-RoPAU |
||
| 041 | _aITALIANO | ||
| 100 |
_aTrier Lars Von _gCodice regista SPICS: 50371 _942279 |
||
| 130 |
_aONDE DEL DESTINO (LE) _942280 |
||
| 240 |
_aBREAKING THE WAVES _gT3134 |
||
| 245 |
_aONDE DEL DESTINO (LE) _cProdotto da: Windelov Wibeke -- Sceneggiatura: Trier Lars Von -- Diretto da: Trier Lars Von _pONDE DEL DESTINO (LE) (Rif. Codice opera principale : F0722) |
||
| 246 | _aBREAKING THE WAVES | ||
| 250 | _aEdizione Standard | ||
| 260 |
_aDANIMARCA (DANIMARCA) _bZENTROPA ENTERTAINMENT / Distribuzione: LUCKY RED HOME VIDEO _g"1996 (1° ed.: 1998 ; Ed. Lingua Orig.: 1996)" |
||
| 300 |
_aVHS _bsonoro, col. _c155 minuti |
||
| 508 | _a"Fotografia: Muller Robby; Montaggio: Refn Anders; Musica: Holbuk Joachim; Sceneggiatura: Trier Lars Von; Scenografia: Juliusson Karl; " | ||
| 511 | _a"Watson Emily; Skarsgard Stellan; Cartlidge Katrin; Barr Jean-Marc; Kier Udo" | ||
| 520 | _aVIETATO AI MINORI DI 14 ANNI.AMBIENTATO DURANTE I PRIMI ANNI SETTANTA IN UNA PICCOLA COMUNITA' SULLE COSTE DELLA SCOZIA, RACCONTA LA STORIA DI BESS, UNA GIOVANE DONNA INGENUA ED INNOCENTE CHE VIVE UNA PROFONDA ESPERIENZA AMOROSA. BESS SI INNAMORA DI JAN, UN INQUIETO OPERAIO DI UN POZZO PETROLIFERO. JAN, AFFASCINATO DALLA PUREZZA E DALL'INNOCENZA DI BESS NONOSTANTE L'OPPOSIZIONE DELLA COMUNITA' LE CHIEDERA' DI SPOSARLO. I DUE GIOVANI PER UN BREVE FELICE PERIODO VIVONO UN INTENSO AMORE, MA QUANDO JAN DEVE FARE RITORNO AL POZZO PETROLIFERO, BESS PRECIPITA NELLA DISPERAZIONE. IL RITORNO AVVIENE PRIMA DEL PREVISTO A CAUSA DI UNA ESPLOSIONE AL POZZO CHE FERISCE GRAVEMENTE JAN, LASCIANDOLO COMPLETAMENTE PARALIZZATO. BESS ARRIVA COSI' AD OGNI SACRIFICIO RISCHIANDO ANCHE LA VITA PER IL SUO GRANDE AMORE. | ||
| 538 | _aPAL, STEREO | ||
| 546 | _aITALIANO | ||
| 650 |
_aDRAMMATICO _eFILMS [VHS] _xCodice MATERIA SPICS: 9960 _934083 |
||
| 700 |
_aHolbuk Joachim _e(musica) _gCodice Musica SPICS: 50372 _942281 |
||
| 700 |
_aTrier Lars Von _e(regista) _gCodice regista SPICS: 50371 _942282 |
||
| 700 |
_aTrier Lars Von _e(soggetto) _gCodice Soggetto SPICS: 50371 _942283 |
||
| 942 |
_cVH _2ddc |
||
| 999 |
_c105594 _d105594 |
||